Escritura rápida - Estadísticas

Estadísticas generales
  • Esta prueba ha sido intentada 36 veces
  • La puntuación promedio es 5 de 7
Estadísticas de respuestas
Hint Respuesta % Correcto
18/10/23 Dieciocho de octubre de dos mil veintitrés.
96%
4/12/2001 Cuatro de diciembre de dos mil uno.
77%
04/2/1494 Cuatro de febrero de mil cuatrocientos noventa y cuatro.
77%
13/6/1985 Trece de junio de mil novecientos ochenta y cinco.
62%
29/2/1680 Veintinueve de febrero de mil seiscientos ochenta.
62%
6/4/1212 Seis de abril de mil doscientos doce.
58%
12/3/2020 Doce de marzo de dos mil veinte.
38%
No se encontraron pruebas coincidentes
Distribución de puntuación
Porcentaje de gente con cada puntuación
Porcentaje por número respondido
Historial de tus puntuaciones
No has intentado esta prueba.